|
|
|
|
| LEADER |
00000nam a2200000 a 4500 |
| 001 |
vtls008298005 |
| 003 |
SK-MaSNL |
| 005 |
20260301020040.0 |
| 008 |
210928s1984 hu f 100 0 hun |
| 020 |
|
|
|a 9632813367
|q (viaz.)
|
| 040 |
|
|
|a SNK
|b slo
|c SNK
|e AACR2
|
| 041 |
0 |
|
|a hun
|
| 044 |
|
|
|a hu
|c HU
|
| 072 |
|
7 |
|a 27
|x Kresťanstvo. Kresťanská cirkev všeobecne. Ekleziológia
|2 konspekt
|
| 080 |
|
|
|a 27-726.2
|2 2001
|
| 080 |
|
|
|a 272
|2 2001
|
| 080 |
|
|
|a 2-67
|2 2001
|
| 080 |
|
|
|a 272-1/-9
|2 2001
|
| 080 |
|
|
|a 27-662:3
|2 2001
|
| 080 |
|
|
|a (047)
|2 2001
|
| 245 |
0 |
0 |
|a A püspöki kar tanácskozásai
|b a magyar katolikus püspökök konferenciáinak jegyzőkönyveiből, 1919-1944
|c [szerkesztette ... Gergely Jenő]
|
| 260 |
|
|
|a Budapest
|b Gondolat
|c 1984
|
| 300 |
|
|
|a 392 s.
|c 25 cm
|
| 610 |
2 |
7 |
|a Katolícka cirkev
|2 SNKPH
|9 206702
|
| 648 |
|
7 |
|a 1919-1944
|2 SNK
|9 281689
|
| 650 |
0 |
7 |
|a biskupi
|2 SNKPH
|9 1760
|
| 650 |
0 |
7 |
|a konferencie
|2 SNKPH
|9 19221
|
| 651 |
|
7 |
|a Maďarsko
|2 SNKPHgeo
|9 16754
|
| 655 |
|
7 |
|a zápisnice korporácií a inštitúcií
|2 SNKPH
|9 267683
|
| 700 |
1 |
|
|a Gergely, Jenő
|4 red
|9 288219
|
| 919 |
|
|
|a 963 281 336 7
|
| 958 |
|
|
|a OND
|
| 999 |
|
|
|c 562115
|d 564045
|
| 952 |
|
|
|a SNK
|b SNK
|y PREZ
|7 0
|p 17A0474332
|o snkSC 121273
|i snk2005/15613
|8 1
|0 0
|1 0
|4 0
|d 2005-09-19
|l 0
|r 2025-06-02 00:00:00
|w 2026-02-23
|